Countries with more than one letter U - Statistics

General Stats
  • This quiz has been taken 41 times
  • The average score is 10 of 13
Answer Stats
Hint Answer % Correct
South America Uruguay
100%
Oceania Nauru
87%
Oceania Tuvalu
87%
Oceania Papua New Guinea
82%
Oceania Vanuatu
82%
Africa South Sudan
79%
North America Antigua and Barbuda
77%
Africa Mauritius
77%
Africa Burundi
74%
Europe Luxembourg
74%
Africa Equatorial Guinea
72%
Africa Guinea-Bissau
72%
Oceania Palau
69%
No matching quizzes found
Score Distribution
Percent of People with Each Score
Percentile by Number Answered
Your Score History
You have not taken this quiz